000 00820nam a2200265Ia 4500
003 OSt
005 20220923220758.0
006 a|||||r|||| 00| 0
007 ta
008 220922b |||||||| |||| 00| 0 hin d
024 _a190,356
037 _cTextual
040 _aARTS
_cARTS
_bhin
041 _2hin
_ahin
082 _aO152,2NSH2,TR, L6
100 _aशाह, बृजमोहन
245 0 _aत्रिशंकु
246 _aTrishanku
250 _aसंस्क0 2
260 _aदिल्ली
_b इन्द्रप्रस्थ प्रकाशन
_c1976
300 _a111पृ.
_ccm.
650 _aहिन्दी साहित्य
_9156264
942 _hO152,2NSH2,TR, L6
_cTEXL
_2CC
999 _c343132
_d343132